Scrambled Words Ending in “I” - Statistics

General Stats
  • This quiz has been taken 41 times
  • The average score is 18 of 26
Answer Stats
Hint Answer % Correct
kiBnii Bikini
100%
Gaftfrii Graffiti
92%
npepPerio Pepperoni
86%
lioiRva Ravioli
83%
illkAa Alkali
81%
cnhiZicu Zucchini
81%
Oimriga Origami
78%
fSiara Safari
78%
abWisa Wasabi
78%
tiMrnia Martini
75%
arMnoaci Macaroni
72%
lSamai Salami
72%
rSimuaa Samurai
72%
clooBirc Broccoli
69%
liueNc Nuclei
69%
nasiTmu Tsunami
69%
tointCef Confetti
67%
aonBis Bonsai
64%
ctciFutien Fettuccini
61%
tghpSeait Spaghetti
58%
igePior Pierogi
56%
Taiiyekr Teriyaki
56%
aypmiTn Tympani
56%
ellmciVire Vermicelli
53%
iShaims Sashimi
50%
oiPutrrop Potpourri
47%
No matching quizzes found
Score Distribution
Percent of People with Each Score
Percentile by Number Answered
Your Score History
You have not taken this quiz